| 000 | 00533 a2200169 4500 | ||
|---|---|---|---|
| 005 | 20250315083111.0 | ||
| 020 | _a978-0-07-096532-4 | ||
| 082 | _a339 FRA | ||
| 100 | _aFRANK, H.R. | ||
| 245 | _aPrinciples of Macro Economics. | ||
| 250 | _a3rd Ed. | ||
| 260 |
_aNew York, _bMcGraw-Hill, _c2009. |
||
| 300 |
_axxvi, 480p.:figure, table, picture _bGlossary, index _c27cm |
||
| 700 | _aBERNANKE, S. B. , OSBERG,, L. , CROSS, L. M. & MAcLEAN, K. B. | ||
| 856 |
_yAccess Online Book _fEconomics _dwww.accesscopyright.ca |
||
| 942 |
_2ddc _cBKS |
||
| 999 |
_c689 _d689 |
||